| 000 | 00647nam a2200181Ia 4500 | ||
|---|---|---|---|
| 003 | Ost | ||
| 005 | 20260507074848.0 | ||
| 008 | 260507s9999||||xx |||||||||||||| ||und|| | ||
| 020 | _a9957116681 | ||
| 040 | _cfsecg | ||
| 041 | _aara | ||
| 100 |
_aعبد الله، خالد أمين _eمؤلف |
||
| 245 | 0 |
_aإدارة العمليات المصرفية المحلية والدولية / _c خالد أمين عبد الله |
|
| 260 |
_aعمان: _bداروائل للنشر, _c2006 |
||
| 300 |
_a459 صفحة؛ _bإيضاحات ؛ _c24 سم |
||
| 700 |
_aالطراد، اسماعيل ابراهيم _eمؤلف ثانوي |
||
| 942 | _cكتاب | ||
| 999 |
_c41546 _d41546 |
||